000 003740000a22001570004500
003 LK-CoMWRAF
008 230817t ||||| |||| 00| 0 eng d
040 _aLK-CoMWRAF
_dLK-CoMWRAF
_eLK-CoMWRAF
041 _aeng
082 _a640
_bKAL
245 _aKalvi
_bUlaka siruvar nilai 1999
260 _acolombo
_bUnicef
_c1999
300 _ap.167
650 _aTamil
942 _cBK
999 _c2972
_d2972